[Event "Titled Tue 17th Jun Late"]
[Site "chess.com INT"]
[Date "2025.06.17"]
[Round "7"]
[White "Deng, Henry"]
[Black "Jasinski, Alexander"]
[Result "1-0"]
[WhiteTitle "FM"]
[WhiteElo "2327"]
[BlackElo "1989"]
[WhiteFideId "30965454"]
[BlackFideId "55627994"]
[EventDate "2025.06.17"]

1. Nf3 Nf6 2. b3 g6 3. Bb2 Bg7 4. e3 O-O 5. c4 d6 6. d4 c5 7. Be2 Nc6 8. O-O
cxd4 9. exd4 a6 10. Nc3 Bg4 11. h3 Bxf3 12. Bxf3 Rc8 13. d5 Ne5 14. Be2 Qa5 15.
Rc1 Ned7 16. a3 Ne4 17. b4 Qc7 18. Qb3 Nxc3 19. Bxc3 Bxc3 20. Rxc3 b5 21. Rfc1
bxc4 22. Rxc4 Qb7 23. Rc6 a5 24. Ba6 a4 25. Qxa4 Qa7 26. Rxc8 1-0

[Event "Titled Tue 17th Jun Late"]
[Site "chess.com INT"]
[Date "2025.06.17"]
[Round "7"]
[White "Levano Loayza, Adriano Jaffet"]
[Black "Cevizci, Yusuf Baran"]
[Result "0-1"]
[WhiteTitle "CM"]
[BlackTitle "CM"]
[WhiteElo "2023"]
[BlackElo "2062"]
[WhiteFideId "3865584"]
[BlackFideId "34565400"]
[EventDate "2025.06.17"]

1. d4 d5 2. c4 c6 3. e3 Nf6 4. Nc3 e6 5. b3 Bd6 6. Bb2 O-O 7. Bd3 Nbd7 8. Nge2
dxc4 9. bxc4 e5 10. O-O Re8 11. Ng3 exd4 12. exd4 Nf8 13. Nf5 Bxf5 14. Bxf5 Ng6
15. Bxg6 hxg6 16. Qf3 Bc7 17. Rad1 Qd6 18. g3 Qb4 19. Bc1 Qxc4 20. Bg5 Nh7 21.
Be3 Qxc3 0-1

[Event "Titled Tue 17th Jun Late"]
[Site "chess.com INT"]
[Date "2025.06.17"]
[Round "7"]
[White "Rodrigues, Leonardo De Miranda"]
[Black "Wanyama, Harold"]
[Result "1-0"]
[BlackTitle "FM"]
[WhiteElo "2111"]
[BlackElo "2143"]
[WhiteFideId "2108658"]
[BlackFideId "10000380"]
[EventDate "2025.06.17"]

1. f4 e5 2. e4 exf4 3. Bc4 d5 4. Bxd5 Nf6 5. Nc3 c6 6. Bb3 Bc5 7. Nf3 Bb6 8. d4
O-O 9. Bxf4 Re8 10. O-O Nxe4 11. Bxf7+ Kh8 12. Bxe8 Nxc3 13. bxc3 Qxe8 14. Qd3
Qh5 15. Rae1 Na6 16. Ng5 Bd7 17. Re7 Be8 18. Be5 Qxg5 19. Rf8# 1-0

[Event "Titled Tue 17th Jun Late"]
[Site "chess.com INT"]
[Date "2025.06.17"]
[Round "7"]
[White "Ersahin, Bulent"]
[Black "Beyer, Lorenz"]
[Result "1-0"]
[WhiteTitle "CM"]
[BlackTitle "CM"]
[WhiteElo "2106"]
[BlackElo "2226"]
[WhiteFideId "6302670"]
[BlackFideId "16245393"]
[EventDate "2025.06.17"]

1. e4 e6 2. d4 d5 3. Nd2 dxe4 4. Nxe4 Nd7 5. Nf3 Ngf6 6. Ng3 b6 7. Bd3 Bb7 8.
O-O Be7 9. Re1 O-O 10. b3 c5 11. Bb2 cxd4 12. Nxd4 Nc5 13. Bf1 h6 14. c4 a6 15.
Qc2 Qc7 16. Rad1 Rfd8 17. Qe2 Nce4 18. Nxe4 Bxe4 19. Nxe6 fxe6 20. Bxf6 Bxf6 21.
Qxe4 Re8 22. Bd3 Kf8 23. Qh7 g5 24. Qxc7 1-0

[Event "Titled Tue 17th Jun Late"]
[Site "chess.com INT"]
[Date "2025.06.17"]
[Round "7"]
[White "Bacus, Dharim"]
[Black "George, Kevin"]
[Result "0-1"]
[WhiteTitle "FM"]
[BlackTitle "IM"]
[WhiteElo "2131"]
[BlackElo "2327"]
[WhiteFideId "5201527"]
[BlackFideId "10669515"]
[EventDate "2025.06.17"]

1. e4 c6 2. d4 d5 3. Nd2 Nf6 4. e5 Nfd7 5. c3 e6 6. Bd3 c5 7. Ne2 Nc6 8. O-O Qb6
9. Nf3 Be7 10. a3 a5 11. Qc2 c4 12. Bxh7 Nf8 13. Be4 Bd7 14. Nd2 dxe4 15. Nxc4
Qb5 16. Ne3 f5 17. exf6 gxf6 18. c4 Qh5 19. h3 f5 20. d5 Ne5 21. dxe6 Nxe6 22.
Nd5 Nf3+ 23. Kh1 Qxh3+ 24. gxh3 Rxh3+ 25. Kg2 Rh2+ 26. Kg3 Bh4# 0-1

[Event "Titled Tue 17th Jun Late"]
[Site "chess.com INT"]
[Date "2025.06.17"]
[Round "7"]
[White "Lysyj, Igor"]
[Black "Oksendal, Martin"]
[Result "1-0"]
[WhiteTitle "GM"]
[BlackTitle "FM"]
[WhiteElo "2582"]
[BlackElo "2235"]
[WhiteFideId "4150120"]
[BlackFideId "1554107"]
[EventDate "2025.06.17"]

1. d4 Nf6 2. c4 g6 3. Nc3 d5 4. cxd5 Nxd5 5. e4 Nxc3 6. bxc3 Bg7 7. Nf3 c5 8.
Be2 Bg4 9. Rb1 O-O 10. O-O cxd4 11. cxd4 Bxf3 12. Bxf3 Bxd4 13. Rxb7 Nc6 14. Qa4
Ne5 15. Be2 Bb6 16. Rd1 Qc8 17. Rxe7 Nc6 18. Red7 Ne5 19. R7d5 Ng4 20. Bxg4 Qxg4
21. Bb2 Qe2 22. R5d2 Qg4 23. Qc6 Rad8 24. Rxd8 Rxd8 25. Rxd8+ Bxd8 26. Qe8# 1-0

[Event "Titled Tue 17th Jun Late"]
[Site "chess.com INT"]
[Date "2025.06.17"]
[Round "7"]
[White "Estrada Nieto, Julian"]
[Black "Terron Elena, Francisco M."]
[Result "1-0"]
[WhiteTitle "IM"]
[BlackTitle "FM"]
[WhiteElo "2181"]
[BlackElo "2148"]
[WhiteFideId "5101018"]
[BlackFideId "2210576"]
[EventDate "2025.06.17"]

1. e4 e5 2. Nf3 Nc6 3. Bb5 a6 4. Ba4 Nge7 5. Nc3 d6 6. a3 Bd7 7. Bb3 Ng6 8. h4
h5 9. Ng5 Be6 10. Bxe6 fxe6 11. Nxe6 Qe7 12. Nd5 Qxe6 13. Nxc7+ Kd7 14. Nxe6
Kxe6 15. c3 Be7 16. d4 Kd7 17. Bg5 Raf8 18. Qb3 b5 19. dxe5 Ngxe5 20. O-O-O
Bxg5+ 21. hxg5 Rxf2 22. Qd5 Nf7 23. Rhf1 Rxf1 24. Rxf1 Nfe5 25. Rf7+ Nxf7 26.
Qxf7+ Ne7 27. Qxg7 Rg8 28. Qf6 Rg6 29. Qf4 Rg7 30. Qh4 Rh7 31. Qh3+ Kc7 32. Qe6
Rg7 33. e5 d5 34. Qf6 1-0

[Event "Titled Tue 17th Jun Late"]
[Site "chess.com INT"]
[Date "2025.06.17"]
[Round "7"]
[White "Makridis, Dimitrios"]
[Black "Smieszek, Wojciech"]
[Result "1-0"]
[WhiteTitle "FM"]
[BlackTitle "CM"]
[WhiteElo "2283"]
[BlackElo "2141"]
[WhiteFideId "25864475"]
[BlackFideId "1156047"]
[EventDate "2025.06.17"]

1. e4 c5 2. Nf3 g6 3. Bc4 Bg7 4. O-O Nc6 5. c3 d6 6. d4 cxd4 7. cxd4 Nf6 8. Nc3
O-O 9. Re1 Nxe4 10. Rxe4 Bf5 11. Re1 d5 12. Bxd5 e6 13. Bxc6 bxc6 14. Bf4 Qa5
15. Be5 f6 16. Bg3 Rfd8 17. Qe2 h5 18. Rad1 g5 19. h4 g4 20. Nh2 Rd7 21. Nf1
Rad8 22. Ne3 Bg6 23. Nc4 Qb4 24. a3 Qb3 25. Na5 Qb6 26. b4 Rxd4 27. Rxd4 Rxd4
28. Qxe6+ Bf7 29. Qxc6 Qxc6 30. Nxc6 Rc4 31. Ne7+ Kf8 32. Bd6 Ke8 33. Ncd5 Kd7
34. Bc5 Rc2 35. Rd1 Ke6 36. Nf4+ Ke5 37. g3 f5 38. Re1+ Kf6 39. Bd4# 1-0

[Event "Titled Tue 17th Jun Late"]
[Site "chess.com INT"]
[Date "2025.06.17"]
[Round "7"]
[White "Sarkar, Justin"]
[Black "Willim, Michael"]
[Result "1-0"]
[WhiteTitle "IM"]
[BlackTitle "CM"]
[WhiteElo "2284"]
[BlackElo "2024"]
[WhiteFideId "2010011"]
[BlackFideId "4632435"]
[EventDate "2025.06.17"]

1. d4 d5 2. c4 e6 3. Nc3 Nf6 4. Bg5 Be7 5. e3 h6 6. Bh4 O-O 7. Nf3 b6 8. Bxf6
Bxf6 9. cxd5 exd5 10. Bd3 Be6 11. Qc2 c5 12. dxc5 bxc5 13. O-O Nc6 14. a3 Rb8
15. Rfd1 d4 16. Ne4 Bb3 17. Qxc5 Bxd1 18. Rxd1 Rb6 19. Qf5 Ne7 20. Nxf6+ Rxf6
21. Qh7# 1-0

[Event "Titled Tue 17th Jun Late"]
[Site "chess.com INT"]
[Date "2025.06.17"]
[Round "7"]
[White "Wu, William"]
[Black "Kobo, Ori"]
[Result "0-1"]
[BlackTitle "GM"]
[WhiteElo "1998"]
[BlackElo "2493"]
[WhiteFideId "39940411"]
[BlackFideId "2812320"]
[EventDate "2025.06.17"]

1. e4 c5 2. Nf3 d6 3. Bb5+ Bd7 4. Bxd7+ Nxd7 5. c4 Ne5 6. b3 Nd3+ 7. Kf1 e6 8.
g3 Be7 9. Qc2 Nxc1 10. Qxc1 Bf6 11. Nc3 Ne7 12. Kg2 Nc6 13. h4 O-O 14. d3 Qa5
15. Nb5 Bxa1 16. Qxa1 Rad8 17. h5 h6 18. g4 a6 19. g5 axb5 20. gxh6 e5 21. hxg7
Kxg7 22. Qc1 Rg8 23. Kh2 Kf8 24. Qh6+ Ke7 25. Nh4 Nd4 0-1

[Event "Titled Tue 17th Jun Late"]
[Site "chess.com INT"]
[Date "2025.06.17"]
[Round "7"]
[White "Ngo, Quang Thai"]
[Black "Cori Quispe, Kevin Joel"]
[Result "1-0"]
[WhiteTitle "FM"]
[BlackTitle "GM"]
[WhiteElo "2326"]
[BlackElo "2464"]
[WhiteFideId "12403768"]
[BlackFideId "3814017"]
[EventDate "2025.06.17"]

1. d4 g6 2. e4 Bg7 3. Nc3 d6 4. Be3 a6 5. g4 b5 6. Bg2 Bb7 7. h4 h5 8. gxh5 Rxh5
9. Bf3 Rh8 10. h5 gxh5 11. e5 Bxf3 12. Qxf3 c6 13. Rxh5 Rxh5 14. Qxh5 e6 15. Ne4
dxe5 16. dxe5 Qc7 17. Nd6+ Kf8 18. Bb6 Qd7 19. O-O-O Nh6 20. Nf3 Kg8 21. Be3 1-0

[Event "Titled Tue 17th Jun Late"]
[Site "chess.com INT"]
[Date "2025.06.17"]
[Round "7"]
[White "Piesik, Piotr"]
[Black "Nihal, Sarin"]
[Result "0-1"]
[WhiteTitle "IM"]
[BlackTitle "GM"]
[WhiteElo "2436"]
[BlackElo "2696"]
[WhiteFideId "1136194"]
[BlackFideId "25092340"]
[EventDate "2025.06.17"]

1. Nf3 g6 2. g3 Bg7 3. d4 d6 4. Bg2 Nc6 5. O-O Bg4 6. c3 Qc8 7. e4 Bh3 8. Bxh3
Qxh3 9. Qb3 Nd8 10. Be3 h5 11. Ng5 Qd7 12. h4 Nh6 13. Nd2 Ng4 14. Rae1 O-O 15.
f4 c5 16. d5 b5 17. Qc2 Rc8 18. f5 Nxe3 19. Rxe3 Bd4 20. Qd3 Bxe3+ 21. Qxe3 Kg7
22. Qf4 f6 23. Ne6+ Nxe6 24. dxe6 Qc7 25. Nf3 d5 26. e5 fxe5 27. Qe3 Rxf5 0-1

[Event "Titled Tue 17th Jun Late"]
[Site "chess.com INT"]
[Date "2025.06.17"]
[Round "7"]
[White "Naroditsky, Daniel"]
[Black "Leenhouts, Koen"]
[Result "1-0"]
[WhiteTitle "GM"]
[BlackTitle "GM"]
[WhiteElo "2619"]
[BlackElo "2476"]
[WhiteFideId "2026961"]
[BlackFideId "1008439"]
[EventDate "2025.06.17"]

1. d4 d5 2. Nc3 Nf6 3. Bf4 a6 4. e3 c5 5. dxc5 Qa5 6. Qd2 e6 7. Nf3 Bxc5 8. Bd3
Nc6 9. O-O Bd7 10. a3 Qd8 11. e4 d4 12. Ne2 Qe7 13. b4 Ba7 14. e5 Nd5 15. Bg3 h6
16. Bc4 Nb6 17. Bb3 Rd8 18. Nf4 O-O 19. Nh5 Nd5 20. Bh4 f6 21. Bxd5 exd5 22.
exf6 gxf6 23. Qxh6 1-0

[Event "Titled Tue 17th Jun Late"]
[Site "chess.com INT"]
[Date "2025.06.17"]
[Round "7"]
[White "Tekeyev, Zaur"]
[Black "Orlov, Georgi"]
[Result "1-0"]
[WhiteTitle "IM"]
[BlackTitle "IM"]
[WhiteElo "2407"]
[BlackElo "2438"]
[WhiteFideId "4199731"]
[BlackFideId "2011271"]
[EventDate "2025.06.17"]

1. e4 e6 2. d4 d5 3. Nd2 Be7 4. Ngf3 Nf6 5. e5 Nfd7 6. c3 c5 7. Be2 Nc6 8. O-O
g5 9. Nb3 cxd4 10. cxd4 h5 11. Ne1 g4 12. f3 Qb6 13. Kh1 a5 14. a4 Nf8 15. Bb5
Bd7 16. fxg4 hxg4 17. Qxg4 Ng6 18. Bg5 O-O-O 19. Bxe7 Ncxe7 20. Bxd7+ Rxd7 21.
Nc5 Rdd8 22. Rxf7 Nxe5 23. dxe5 Qxc5 24. Qxe6+ Rd7 25. Nd3 Qe3 26. Rxe7 1-0

[Event "Titled Tue 17th Jun Late"]
[Site "chess.com INT"]
[Date "2025.06.17"]
[Round "7"]
[White "Arias Igual, Alejandro"]
[Black "Li, Eric 2007"]
[Result "0-1"]
[WhiteTitle "FM"]
[BlackTitle "IM"]
[WhiteElo "2242"]
[BlackElo "2372"]
[WhiteFideId "2254905"]
[BlackFideId "30939941"]
[EventDate "2025.06.17"]

1. e4 c5 2. Nf3 d6 3. d4 cxd4 4. Nxd4 Nf6 5. Nc3 a6 6. a4 e5 7. Nf3 Be7 8. Bc4
O-O 9. O-O Nc6 10. Bg5 Be6 11. Qe2 Rc8 12. Bxf6 Bxf6 13. Nd5 Na5 14. Bd3 Bxd5
15. exd5 Qb6 16. Rab1 Qb4 17. c3 Qf4 18. g3 Qg4 19. h3 Qxh3 20. b4 e4 21. Qxe4
Rfe8 22. Qf4 Rxc3 23. Bf5 Qh6 24. Qxh6 gxh6 25. bxa5 Rxf3 26. Bg4 Ra3 27. Rxb7
Re7 28. Rb6 Rxa4 29. Bc8 Rxa5 30. Rxa6 Rxd5 31. Bh3 Kg7 32. Bg2 Rd2 33. Bf3 Bd4
34. Kg2 Bc5 35. Ra4 Re6 36. Rf4 Rf6 37. Rxf6 Kxf6 38. Rd1 Rxf2+ 0-1

[Event "Titled Tue 17th Jun Late"]
[Site "chess.com INT"]
[Date "2025.06.17"]
[Round "7"]
[White "Silva Lucena, Cristian"]
[Black "Araujo Filho, Luiz Antonio Coel"]
[Result "1-0"]
[WhiteTitle "FM"]
[WhiteElo "2243"]
[BlackElo "2077"]
[WhiteFideId "2232588"]
[BlackFideId "2130661"]
[EventDate "2025.06.17"]

1. e4 c6 2. d4 d5 3. e5 Bf5 4. h4 h5 5. Bd3 Bxd3 6. Qxd3 e6 7. Bg5 Qc7 8. Nf3
Ne7 9. Nbd2 Nf5 10. Nf1 Be7 11. Ne3 Nxe3 12. fxe3 Nd7 13. Bxe7 Kxe7 14. O-O f6
15. e4 fxe5 16. exd5 cxd5 17. dxe5 Nxe5 18. Qa3+ Ke8 19. Nxe5 Qxe5 20. Qa4+ Kd8
21. Rae1 Qd6 22. Kh1 Rf8 23. Rxf8+ Qxf8 24. Rxe6 Qf1+ 25. Kh2 Qf4+ 26. Qxf4 1-0

[Event "Titled Tue 17th Jun Late"]
[Site "chess.com INT"]
[Date "2025.06.17"]
[Round "7"]
[White "Cernov, Henrik"]
[Black "Ferrara, Enzo"]
[Result "1-0"]
[WhiteTitle "FM"]
[WhiteElo "2325"]
[BlackElo "2138"]
[WhiteFideId "16258312"]
[BlackFideId "137731"]
[EventDate "2025.06.17"]

1. e4 e6 2. d4 d5 3. Nd2 c5 4. Ngf3 Nc6 5. Bb5 cxd4 6. Nxd4 Bd7 7. Nxc6 bxc6 8.
Bd3 Bd6 9. Qe2 Qc7 10. b3 Be5 11. Rb1 Nf6 12. g3 Qa5 13. O-O Qxa2 14. exd5 Bc3
15. dxc6 Bxc6 16. Bb5 Bd7 17. Bxd7+ Nxd7 18. Qf3 Rc8 19. Ne4 Qxb1 20. Nd6+ Kf8
21. Qxf7# 1-0

[Event "Titled Tue 17th Jun Late"]
[Site "chess.com INT"]
[Date "2025.06.17"]
[Round "7"]
[White "Kramnik, Vladimir"]
[Black "Papasimakopoulos, Alexandros"]
[Result "1-0"]
[WhiteTitle "GM"]
[BlackTitle "IM"]
[WhiteElo "2753"]
[BlackElo "2366"]
[WhiteFideId "4101588"]
[BlackFideId "4244125"]
[EventDate "2025.06.17"]

1. Nf3 d5 2. g3 c6 3. Bg2 Bf5 4. d3 h6 5. O-O e6 6. Nc3 Nf6 7. Qe1 Bh7 8. a3 Be7
9. e4 O-O 10. Ne5 Nbd7 11. Nxd7 Qxd7 12. f4 a5 13. Kh1 b5 14. e5 Ne8 15. Bd2 Nc7
16. Ne2 a4 17. g4 c5 18. Ng3 f6 19. exf6 Bxf6 20. Bc3 Bxc3 21. Qxc3 Qd6 22. Rae1
b4 23. Qd2 bxa3 24. bxa3 Nb5 25. f5 exf5 26. gxf5 Nd4 27. f6 Rad8 28. fxg7 Rxf1+
29. Rxf1 Qg6 30. Qf4 Qxg7 31. Nh5 Qg5 32. Nf6+ Kh8 33. Qc7 Ne6 34. Qxh7# 1-0

[Event "Titled Tue 17th Jun Late"]
[Site "chess.com INT"]
[Date "2025.06.17"]
[Round "7"]
[White "Hartge, Gedeon"]
[Black "Chiu, Isaac"]
[Result "1-0"]
[WhiteTitle "FM"]
[WhiteElo "2328"]
[BlackElo "2226"]
[WhiteFideId "12932116"]
[BlackFideId "30900654"]
[EventDate "2025.06.17"]

1. e4 b6 2. d4 Bb7 3. f3 g6 4. c4 Bg7 5. Nc3 d6 6. Be3 Nd7 7. Qd2 e6 8. Nh3 h6
9. Nf2 Ne7 10. Bd3 a6 11. O-O c5 12. d5 e5 13. a4 f5 14. exf5 gxf5 15. Rae1 f4
16. Bxf4 exf4 17. Qxf4 Ne5 18. Nce4 Kd7 19. Nxd6 Kxd6 20. Rxe5 Bxe5 21. Ne4+ Kd7
22. Qxe5 Qf8 23. Nf6+ Kc8 24. Qe6+ Kc7 25. d6+ Kd8 26. Qd7# 1-0

[Event "Titled Tue 17th Jun Late"]
[Site "chess.com INT"]
[Date "2025.06.17"]
[Round "7"]
[White "Gorbenko, Rustem"]
[Black "Danzer, George"]
[Result "0-1"]
[WhiteTitle "CM"]
[BlackTitle "CM"]
[WhiteElo "2201"]
[BlackElo "2172"]
[WhiteFideId "14111438"]
[BlackFideId "4659465"]
[EventDate "2025.06.17"]

1. d4 Nf6 2. c4 g6 3. Nc3 d5 4. cxd5 Nxd5 5. e4 Nxc3 6. bxc3 Bg7 7. Nf3 c5 8.
Rb1 cxd4 9. cxd4 O-O 10. Be2 Qa5+ 11. Qd2 Qxd2+ 12. Bxd2 Nc6 13. Be3 b6 14. Kd2
Rd8 15. Rhc1 Bb7 16. e5 Nxe5 17. Nxe5 Bxe5 18. Kd3 Bxg2 19. f3 Bh3 20. Ke4 Bg7
21. Rc7 Bf5+ 22. Kf4 Bxb1 0-1

[Event "Titled Tue 17th Jun Late"]
[Site "chess.com INT"]
[Date "2025.06.17"]
[Round "7"]
[White "Nunez Hirales, Juan Alejandro"]
[Black "Hernandez Bermudez, Ulises Eduardo"]
[Result "1-0"]
[WhiteElo "1920"]
[BlackElo "2042"]
[WhiteFideId "5108888"]
[BlackFideId "3902510"]
[EventDate "2025.06.17"]

1. d4 Nf6 2. Nc3 g6 3. Bf4 d5 4. e3 Bg7 5. h4 h5 6. Nf3 O-O 7. Qd2 Bf5 8. Ne5
Nbd7 9. f3 c5 10. O-O-O Rc8 11. Rg1 Nxe5 12. dxe5 Nd7 13. Qxd5 Qa5 14. Kb1 Rfd8
15. Qb3 Nxe5 16. e4 Be6 17. Nd5 Nc6 18. Bc4 a6 19. Qxb7 Rb8 20. Bxb8 Rxb8 21.
Nxe7+ Kh7 22. Nxc6 Rxb7 23. Nxa5 1-0

[Event "Titled Tue 17th Jun Late"]
[Site "chess.com INT"]
[Date "2025.06.17"]
[Round "7"]
[White "Firouzja, Alireza"]
[Black "Askarov, Bakhtiyar"]
[Result "1-0"]
[WhiteTitle "GM"]
[BlackTitle "IM"]
[WhiteElo "2766"]
[BlackElo "2297"]
[WhiteFideId "12573981"]
[BlackFideId "13701100"]
[EventDate "2025.06.17"]

1. Nf3 Nf6 2. g3 d5 3. Bg2 Bf5 4. O-O e6 5. d3 Be7 6. c4 c6 7. Qb3 Qb6 8. Be3
Qa6 9. Nc3 h6 10. cxd5 exd5 11. Nd4 Bh7 12. Bh3 O-O 13. Nf5 Bxf5 14. Bxf5 Nbd7
15. Rac1 Rfe8 16. Na4 Bd6 17. d4 b5 18. Nc3 Nb6 19. Bd2 Nc4 20. Be1 b4 21. Nd1
Ne4 22. Qd3 Qxa2 23. Bd7 Nxb2 24. Nxb2 Qxb2 25. Rxc6 Red8 26. Bf5 a5 27. f3 Nf6
28. Bf2 a4 29. e4 dxe4 30. fxe4 a3 31. Rc2 Qxc2 32. Qxc2 Bf8 33. Qb3 g6 34. Bxg6
Rd7 35. Be3 Ng4 36. Rxf7 1-0

[Event "Titled Tue 17th Jun Late"]
[Site "chess.com INT"]
[Date "2025.06.17"]
[Round "7"]
[White "Vila Dupla, Aurelio"]
[Black "Romany, Joy"]
[Result "1/2-1/2"]
[WhiteTitle "FM"]
[BlackTitle "WIM"]
[WhiteElo "2056"]
[BlackElo "1960"]
[WhiteFideId "2203383"]
[BlackFideId "10656820"]
[EventDate "2025.06.17"]

1. Nf3 Nf6 2. d4 d5 3. c4 c6 4. cxd5 cxd5 5. Nc3 Nc6 6. Bf4 a6 7. e3 g6 8. Bd3
Bg7 9. h3 O-O 10. O-O b5 11. Ne5 Bb7 12. Nxc6 Bxc6 13. Rc1 Bb7 14. Be5 Rc8 15.
Qe2 Nd7 16. Bxg7 Kxg7 17. Rc2 Nb6 18. b3 Qd6 19. Rfc1 Rc6 20. Nb1 Rfc8 21. Rxc6
Rxc6 22. Rxc6 Qxc6 23. Qc2 Qxc2 24. Bxc2 Kf6 25. Nd2 Ke6 26. b4 Nc4 27. Nb3 Kd6
28. Nc5 Bc8 29. Kf1 e5 30. Ke2 exd4 31. exd4 a5 32. bxa5 Nxa5 33. Bd3 Nc4 1/2-1/2

[Event "Titled Tue 17th Jun Late"]
[Site "chess.com INT"]
[Date "2025.06.17"]
[Round "7"]
[White "Nita, Lucian"]
[Black "Li, Xueyi"]
[Result "1-0"]
[BlackTitle "WGM"]
[WhiteElo "2143"]
[BlackElo "2220"]
[WhiteFideId "1206923"]
[BlackFideId "8605912"]
[EventDate "2025.06.17"]

1. e4 c6 2. d3 d5 3. Nd2 dxe4 4. dxe4 Nf6 5. Ngf3 Bg4 6. Be2 e6 7. a3 Be7 8. e5
Bxf3 9. Bxf3 Nd5 10. Ne4 Nd7 11. Nd6+ Bxd6 12. exd6 N7f6 13. c4 Nb6 14. b3 O-O
15. Bb2 Rb8 16. O-O Nbd7 17. Qd4 a6 18. c5 1-0

[Event "Titled Tue 17th Jun Late"]
[Site "chess.com INT"]
[Date "2025.06.17"]
[Round "7"]
[White "Guliev, Gasan"]
[Black "Zlatin, Alexander"]
[Result "0-1"]
[WhiteTitle "CM"]
[BlackTitle "FM"]
[WhiteElo "2123"]
[BlackElo "2313"]
[WhiteFideId "34165638"]
[BlackFideId "2810549"]
[EventDate "2025.06.17"]

1. d4 d5 2. Nf3 Nf6 3. c4 c6 4. Nc3 a6 5. cxd5 cxd5 6. Bf4 Nc6 7. e3 Bf5 8. Rc1
e6 9. Ne5 Nxe5 10. Bxe5 Bd6 11. Qa4+ b5 12. Nxb5 axb5 13. Bxb5+ Ke7 14. Bxd6+
Qxd6 15. Qb3 Rhc8 16. O-O Ne4 17. Be2 Rcb8 18. Qc2 Ng3 19. Qc7+ Qxc7 20. Rxc7+
Kd6 0-1

[Event "Titled Tue 17th Jun Late"]
[Site "chess.com INT"]
[Date "2025.06.17"]
[Round "7"]
[White "Clawitter, Craig"]
[Black "Aalto, Patrik"]
[Result "0-1"]
[BlackTitle "FM"]
[WhiteElo "2050"]
[BlackElo "2316"]
[WhiteFideId "2023105"]
[BlackFideId "510726"]
[EventDate "2025.06.17"]

1. e4 c5 2. Nf3 e6 3. d4 cxd4 4. Nxd4 Nc6 5. Nc3 Qc7 6. Be3 a6 7. Qd2 Nf6 8.
O-O-O Be7 9. f3 b5 10. g4 b4 11. Nce2 Ne5 12. Ng3 h6 13. h4 d6 14. g5 Nfd7 15.
gxh6 gxh6 16. Bxh6 Nc4 17. Bxc4 Qxc4 18. Kb1 Ne5 19. Bg5 f6 20. Bf4 Bd7 21. h5
a5 22. h6 a4 23. Qh2 b3 24. cxb3 axb3 25. axb3 Qa6 26. Bxe5 Qa2+ 27. Kc2 Rc8+
28. Kd3 fxe5 29. Qh5+ Kd8 30. Rc1 exd4 31. Rxc8+ Bxc8 32. Qb5 Ba6 0-1

[Event "Titled Tue 17th Jun Late"]
[Site "chess.com INT"]
[Date "2025.06.17"]
[Round "7"]
[White "Bratovic, Blaz"]
[Black "Gustafsson, Jan"]
[Result "0-1"]
[WhiteTitle "IM"]
[BlackTitle "GM"]
[WhiteElo "2319"]
[BlackElo "2591"]
[WhiteFideId "14603551"]
[BlackFideId "4625498"]
[EventDate "2025.06.17"]

1. e4 c5 2. Nf3 e6 3. c3 Nf6 4. e5 Nd5 5. d4 cxd4 6. cxd4 d6 7. Bc4 Nb6 8. Bd3
dxe5 9. Nxe5 Nc6 10. Nxc6 bxc6 11. O-O Be7 12. Qg4 O-O 13. Qh3 f5 14. Nc3 Qxd4
15. Rd1 Qf6 16. a4 a5 17. Be3 Nd5 18. Bd2 e5 19. Bc4 Be6 20. Be1 Rfd8 21. Rac1
Nf4 22. Bxe6+ Qxe6 23. Qf3 Bg5 24. h4 e4 25. Qe3 Bh6 26. Qc5 Nd3 0-1

[Event "Titled Tue 17th Jun Late"]
[Site "chess.com INT"]
[Date "2025.06.17"]
[Round "7"]
[White "Salonen, Aku"]
[Black "Sharankov, Grigory"]
[Result "0-1"]
[WhiteTitle "FM"]
[BlackTitle "CM"]
[WhiteElo "2330"]
[BlackElo "2238"]
[WhiteFideId "517577"]
[BlackFideId "4168356"]
[EventDate "2025.06.17"]

1. d4 d5 2. c4 e6 3. Nf3 Nf6 4. g3 g6 5. Bg2 Bg7 6. O-O O-O 7. Nc3 Nc6 8. Ne5
dxc4 9. Nxc6 bxc6 10. e3 Nd5 11. Qa4 c5 12. Qxc4 cxd4 13. Nxd5 exd5 14. Bxd5 Bh3
15. Rd1 c6 16. Bxc6 Rc8 17. exd4 Qf6 18. d5 Qf3 19. d6 Rxc6 0-1

[Event "Titled Tue 17th Jun Late"]
[Site "chess.com INT"]
[Date "2025.06.17"]
[Round "7"]
[White "Holinka, Henning"]
[Black "Ernst, Luca"]
[Result "0-1"]
[WhiteTitle "FM"]
[BlackTitle "FM"]
[WhiteElo "2303"]
[BlackElo "2215"]
[WhiteFideId "12967084"]
[BlackFideId "45117055"]
[EventDate "2025.06.17"]

1. Nf3 g6 2. g3 Bg7 3. d4 d6 4. Bg2 Nf6 5. O-O O-O 6. c4 Nc6 7. d5 Na5 8. Nbd2
c5 9. a3 b5 10. Qc2 Nxc4 11. Nxc4 bxc4 12. Qxc4 a5 13. Rd1 Ba6 14. Qc2 Rb8 15.
Ne1 Qb6 16. Rb1 Qb3 17. Qxb3 Rxb3 18. Bf1 Rfb8 19. Nc2 Ne4 20. Ra1 Bxb2 21. Bxb2
Rxb2 22. Rdc1 Nd2 0-1